000 00600nam a2200193Ia 4500
003 GCL
008 140319s9999 xx 000 0 ara d
040 _aGCL /
_cGCL
082 0 4 _a657.45
_bع ا
100 1 _aعبدالفتاح الصحن
245 1 0 _aاصول المراجعة الداخلية والخارجية /
_cعبدالفتاح الصحن
260 _a[S.N] :
_bمؤسسة شباب الجامعة ،
_c1992
300 _a489 ص
490 _a
650 0 4 _aمراجعة الحسابات
650 0 4 _aمحاسبة التكاليف
650 0 4 _aالمحاسبة
942 _2ddc
_cBK
999 _c28596
_d28596